Search the Library Catalogue
| 000 -LEADER | |
|---|---|
| fixed length control field | 01203nam a2200193Ia 4500 |
| 008 - FIXED-LENGTH DATA ELEMENTS--GENERAL INFORMATION | |
| fixed length control field | 240825s9999 xx 000 0 und d |
| 020 ## - INTERNATIONAL STANDARD BOOK NUMBER | |
| ISBN | 9781801070331 |
| Paper back/Hardbound | pbk |
| 041 ## - LANGUAGE CODE | |
| Language code of text/sound track or separate title | eng |
| 082 ## - DEWEY DECIMAL CLASSIFICATION NUMBER | |
| Classification number | 005.365 |
| Item number | OST |
| 100 ## - MAIN ENTRY--AUTHOR NAME | |
| Personal name | Ostrovskaya, Svetlana |
| 245 #0 - TITLE STATEMENT | |
| Title | Practical Memory forensics |
| Statement of responsibility, etc | / Svetlana Ostrovskaya, Oleg Skulkin |
| 250 ## - EDITION STATEMENT | |
| Edition statement | 1st edition |
| 260 ## - PUBLICATION, DISTRIBUTION, ETC. (IMPRINT) | |
| Name of publisher | Packt |
| Year of publication | 2022 |
| Place of publication | Birmingham, |
| 300 ## - PHYSICAL DESCRIPTION | |
| Number of Pages | xvi, 286 pages,: |
| Other physical details | ill,; |
| Dimensions | 23 cm. |
| 504 ## - BIBLIOGRAPHY, ETC. NOTE | |
| Bibliography, etc | Includes index |
| 520 ## - SUMMARY, ETC. | |
| Summary, etc | "This book is for incident responders, digital forensic specialists, cybersecurity analysts, system administrators, malware analysts, students, and curious security professionals new to this field and interested in learning memory forensics. A basic understanding of malware and its working is expected. Although not mandatory, knowledge of operating systems internals will be helpful. For those new to this field, the book covers all the necessary concepts."--Provided by publisher<br/> |
| 650 ## - SUBJECT ADDED ENTRY--TOPICAL TERM | |
| Topical Term | Computer Science Application software COMPUTERS Security General COMPUTERS Security Online Safety & Privacy COMPUTERS Security Viruses & Malware Computer Communication Networks Computer Security Computer networks |
| 942 ## - ADDED ENTRY ELEMENTS (KOHA) | |
| Koha item type | Reference |
| Withdrawn status | Lost status | Damaged status | Not for loan | Home library | Current library | Shelving location | Date acquired | Cost, normal purchase price | Full call number | Accession Number | Price effective from | Koha item type |
|---|---|---|---|---|---|---|---|---|---|---|---|---|
| Anna Centenary Library | Anna Centenary Library | 3RD FLOOR, A WING | 24.05.2024 | 3099.00 | 005.365 OST | 687824 | 24.05.2024 | Reference |